00326nam a22001097a 4500003000400000020001800004082001900022100005700041245005500098260005600153300000700209SGT a9789393605511 a891.4309bE21T aत्यागी, संजीव कुमार  aए सरकार किसान हई हम  bसर्व भाषा ट्रस्ट c2021 a79